000 01182nam a2200301 i 4500
003 EG-GICUC
005 20260422100927.0
008 260422s1992 ku a ||fr|||| 00| 0 ara d
040 _a EG-GICUC
_bara
_c EG-GICUC
_d EG-GICUC
_erda
041 _aara
082 0 4 _221
_a341.63
_bع ب . ز
092 0 4 _221
099 _aLaw1 11 341.63 ع ب . ز 1992
100 0 _aعبدالله احمد مجارب
_eمؤلف.
245 0 0 _aزيارة لبيت العنكبوت:
_bنقض لبنيان كتاب هيكل حرب الخليج اوهام القوة والنصر /
_cعبدالله احمد محارب.
264 _aالكويت:
_bمركز البحوث والدراسات الكويتية,
_c1992.
300 _a155صفحة :
_c24 سم
_bإيضاحيات؛
336 _2rda content
_atext
337 _2rda media
_aComputer
338 _2rda carrier
_aOnline Resource
546 _aالنص أغلبه باللغة العربية مع بعض النصوص الإنجليزية
650 1 _aدولي عام
650 1 _aحرب الخليج
651 1 _2qrmak
856 4 0 _uhttps://fll.law.cu.edu.eg/fulltext/bks/B11-10135.pdf
905 _a72
942 _2ddc
_n0
_cBK
_e21
999 _c72789
_d72789